| 000 | 01055nam a2200289 a 4500 | ||
|---|---|---|---|
| 005 | 20020827074227.0 | ||
| 008 | 020529s1997 nyua | 00| 0 eng d | ||
| 010 | _aENG-93322 | ||
| 020 |
_a8189886746 _c550.00 |
||
| 020 |
_a9788189886745 _c550.00 |
||
| 035 | _aEN-76855 | ||
| 037 | _bDBAD / PUB | ||
| 040 |
_adpl _bEnglish |
||
| 082 | _a307.1412 | ||
| 100 | _aShanmugasundaram, A. | ||
| 245 |
_aRural non-farm sector / _cby A. Shanmugasundaram, K. Ravichandran [and] A. Savarimuthu |
||
| 260 |
_aDelhi _bAbhijeet Publications _c2008 |
||
| 270 |
_a2/46 Thkhmeerpur Extension _bDelhi _e110094 |
||
| 300 |
_axvi, 168p. _c23cm (Hb) |
||
| 500 | _aIncludes index | ||
| 650 |
_aRural development _zIndia |
||
| 651 |
_aIndia _xRural conditions |
||
| 700 | _aRavichandran, K. | ||
| 700 | _aSavarimuthu, A. | ||
| 942 |
_2ddc _cEN _h307.1412 _mSHA |
||
| 999 |
_c25968 _d25968 |
||